Normal view
MARC view
Entry Topical Term
001 - CONTROL NUMBER
- control field: 60059
003 - CONTROL NUMBER IDENTIFIER
- control field: OSt
005 - DATE AND TIME OF LATEST TRANSACTION
- control field: 20260410145744.0
008 - FIXED-LENGTH DATA ELEMENTS
- fixed length control field: 260410|| aca||aabn | a|a d
040 ## - CATALOGING SOURCE
- Original cataloging agency: OSt
- Transcribing agency: OSt
150 ## - HEADING--TOPICAL TERM
- Topical term or geographic name entry element: Workers, Unions, Membership, Freedom of association, Competition
670 ## - SOURCE DATA FOUND
- Source citation: Work cat.: (OSt): Tenza, Mlungisi and Cabe, Nduduzo Futhi 60058, The effects of unity of rival unions in advancing the interests of workers in the workplace: A South African perspective
